Petroleum Production Engineering : (Record no. 6293)
[ view plain ]
| 000 -LEADER | |
|---|---|
| fixed length control field | 01035nac a22002531u 4500 |
| 008 - FIXED-LENGTH DATA ELEMENTS--GENERAL INFORMATION | |
| fixed length control field | 081021t xxu||||| |||| 00| 0 eng d |
| 010 ## - LIBRARY OF CONGRESS CONTROL NUMBER | |
| LC control number | 2007011848 |
| 020 ## - INTERNATIONAL STANDARD BOOK NUMBER | |
| International Standard Book Number | 9780750682701 (alk. paper) |
| 020 ## - INTERNATIONAL STANDARD BOOK NUMBER | |
| International Standard Book Number | 0750682701 (alk. paper) |
| 035 ## - SYSTEM CONTROL NUMBER | |
| System control number | (OCoLC)ocm86172944 |
| 035 ## - SYSTEM CONTROL NUMBER | |
| System control number | (OCoLC)86172944 |
| 082 00 - DEWEY DECIMAL CLASSIFICATION NUMBER | |
| Classification number | 665.5 |
| Item number | GUO |
| 100 ## - MAIN ENTRY--PERSONAL NAME | |
| 9 (RLIN) | 5898 |
| Personal name | Guo, Boyun |
| 245 10 - TITLE STATEMENT | |
| Title | Petroleum Production Engineering : |
| Remainder of title | A Computer-Assisted Approach / |
| Statement of responsibility, etc | Boyun Guo, William C. Lyons, Ali Ghalambor. |
| 260 ## - PUBLICATION, DISTRIBUTION, ETC. (IMPRINT) | |
| Place of publication, distribution, etc | Burlington, MA : |
| Name of publisher, distributor, etc | Gulf Professional Pub., |
| Date of publication, distribution, etc | c2007. |
| 300 ## - PHYSICAL DESCRIPTION | |
| Extent | xix, 288 p. : |
| Other physical details | ill. ; |
| Dimensions | 27 cm. |
| 504 ## - BIBLIOGRAPHY, ETC. NOTE | |
| Bibliography, etc | Includes bibliographical references and index. |
| 650 #0 - SUBJECT ADDED ENTRY--TOPICAL TERM | |
| Topical term or geographic name as entry element | Petroleum engineering |
| General subdivision | Data processing. |
| 9 (RLIN) | 5899 |
| 700 1# - ADDED ENTRY--PERSONAL NAME | |
| Personal name | Lyons, William C. |
| 9 (RLIN) | 5900 |
| 700 1# - ADDED ENTRY--PERSONAL NAME | |
| Personal name | Ghalambor, Ali. |
| 9 (RLIN) | 5901 |
| 856 41 - ELECTRONIC LOCATION AND ACCESS | |
| Materials specified | Table of contents only |
| Uniform Resource Identifier | <a href="http://www.loc.gov/catdir/toc/ecip0713/2007011848.html">http://www.loc.gov/catdir/toc/ecip0713/2007011848.html</a> |
| 856 41 - ELECTRONIC LOCATION AND ACCESS | |
| Materials specified | Publisher description |
| Uniform Resource Identifier | <a href="http://www.loc.gov/catdir/enhancements/fy0733/2007011848-d.html">http://www.loc.gov/catdir/enhancements/fy0733/2007011848-d.html</a> |
| 942 ## - ADDED ENTRY ELEMENTS (KOHA) | |
| Item type | Book - Borrowing |
| Call number prefix | 665.5 GUO |
| Source of classification or shelving scheme | Dewey Decimal Classification |
| Withdrawn status | Item status | Source of classification or shelving scheme | Materials specified (bound volume or other part) | Damaged status | Not for loan | Vendor | Home library | Current library | Shelving location | Date acquired | Source of acquisition | Cost, normal purchase price | Total Checkouts | Total Renewals | Full call number | Barcode | Date last seen | Date last borrowed | Cost, replacement price | Koha item type | Serial Enumeration / chronology |
|---|---|---|---|---|---|---|---|---|---|---|---|---|---|---|---|---|---|---|---|---|---|
| Lost | Dewey Decimal Classification | Lost In Inventory_2015-8-23 | Baccah | Central Library | Central Library | First floor | 19/11/2007 | 450.00 | 6 | 7 | 665.5 GUO | 000007289 | 22/12/2010 | 09/12/2010 | 562.50 | Book - Borrowing | |||||
| Dewey Decimal Classification | Baccah | Central Library | Central Library | First floor | 21/10/2008 | 450.00 | 10 | 46 | 665.5 GUO | 000013663 | 15/07/2025 | 11/11/2020 | 562.50 | Book - Borrowing | |||||||
| Dewey Decimal Classification | Baccah | Central Library | Central Library | First floor | 08/06/2009 | 450.00 | 2 | 665.5 GUO | 000013678 | 15/07/2025 | 19/06/2013 | 562.50 | NB - Book (Non borrowing) | ||||||||
| Dewey Decimal Classification | Alahram | Central Library | Central Library | First floor | 08/06/2009 | 450.00 | 8 | 41 | 665.5 GUO | 000016746 | 15/07/2025 | 02/04/2019 | 562.50 | Book - Borrowing | 351 |